| 000 | 00550nam a22001817a 4500 | ||
|---|---|---|---|
| 999 |
_c525476 _d525476 |
||
| 003 | NUST | ||
| 005 | 20190702093858.0 | ||
| 038 | _aMr. Zahoor | ||
| 082 | _a005 | ||
| 100 |
_aAkram, Sajjal _916376 |
||
| 245 |
_aDEVELOPMENT OF CYBERSECURITY TRAINING PROGRAM FOR THE ACADEMIC COMMUNITY - A ROLE - BASE APPROACH _cSajjal Akram |
||
| 260 |
_aIslamabad: _bMCS - NUST, _c2017. |
||
| 300 |
_axi, 194 p.: ill.; _b30cm. |
||
| 500 | _aHardcover | ||
| 650 |
_aInformation Security - MS Thesis _916348 |
||
| 700 |
_aDr. Baber Aslam _916377 |
||
| 942 |
_2ddc _cTHE |
||